Statistics for 12 Greek olympians and some Titans

Click here to take the quiz!

General Stats

  • This quiz has been taken 33 times
    (24 since last reset)
  • The average score is 22 of 36

Answer Stats

God(ess) ofName of olympian% Correct
God of the underworld, riches, dead, married
To Persephone, daughter of Demeter
2Hades
100%
God of the sky, other gods, married to Hera1Zeus
100%
Goddess of Love, beauty, charm married to Ares5Aphrodite
95%
God of war, blood, violence married to Aphrodite4Ares
95%
Goddess of warfare, wisdom never married8Athena
95%
God of the sea, married to amphitrite, a nereid3Poseidon
95%
God of bad poetry music, prophecy and ☀️ sun7Apollo
86%
Goddess of the moon, and the hunt, not married6Artemis
86%
God of wine, partying, festivities, madness married to Ariadne11Dionysus
86%
King _____ had the golden touch34Midas
86%
Goddess of harvest, grain, nourishment, married to Zeus12Demeter
81%
God of forge, blacksmith, fire, so ugly his mother
Hera threw him off mt. Olympus, married to no one
9Hephaestus
81%
Titan who Zeus chopped up, then threw to Tartarus in 1st Titan war14Kronos
81%
God of thieving, traveling, in charge of guiding the dead to the underworld13Hermes
76%
Better known in Roman form, of above is22Cupid
71%
Roman form of Q 2325Heracles
71%
________ did 12 great labours23Hercules
71%
And his son _______ flew to close to the sun, fell, to the sea, and died36Icarus
71%
Who was Kronos married to?17Rhea
71%
Who was the Greek God of Love?21Eros
67%
Goddess of home domesticity, and the hearth not married10Hestia
67%
It was originally meant to be __ labours2410
62%
Helios was the titan of the32Sun
62%
His sister, Selene, was the titan of the33Moon
52%
______ invented the labyrinth35Daedalus
43%
Titan of east titan of light16Hyperion
43%
Who sung his way into the underworld26Orpheus
33%
Who was the Minotaurs mother?19Pasiphaë
33%
Pasiphaë was the mother to who29Minotaur
29%
What was the Minotaurs original name (hard)18Asterion
19%
And his original name was30Asterion
19%
And she died from a28Snake bite
19%
Who was Medea20Sorceres
14%
Father and mother of above15Uranus and Gaea
14%
His wife was27Eurydice
10%
_______ was the sun of Helios, and drove the sun chariot once, Zeus shot him with lightning31Phaethon
10%

Score Distribution

Percentile by Number Answered

Percent of People with Each Score

Your Score History

You have not taken this quiz since the last reset